Loading...
| Science - Biology | 0 | 7 | 0 | 2 | 70 | 43 | 64.86 | 1 | 4 | 27.07 | 50.00 |
| Science - Physics | 0 | 7 | 0 | 1 | 70 | 52 | 76.86 | 0 | 6 | 23.14 | 50.00 |
| Fine Arts - Classical Music | 0 | 6 | 0 | 0 | 60 | 27 | 58.00 | 4 | 6 | 28.96 | 51.52 |
| Science - Chemistry | 0 | 6 | 0 | 0 | 60 | 20 | 39.67 | 4 | 6 | 35.49 | 51.52 |
| History - World | 0 | 5 | 0 | 0 | 50 | 46 | 71.40 | 1 | 4 | 19.40 | 30.30 |
| Literature - American | 0 | 5 | 0 | 0 | 50 | 77 | 81.60 | 0 | 4 | 18.77 | 39.39 |
| Literature - British | 0 | 5 | 0 | 0 | 50 | 39 | 68.40 | 2 | 4 | 23.60 | 38.64 |
| Literature - World | 0 | 5 | 1 | 0 | 45 | 27 | 61.20 | 2 | 4 | 24.94 | 35.61 |
| Social Science | 0 | 4 | 0 | 0 | 40 | 55 | 74.25 | 1 | 3 | 13.29 | 28.79 |
| Literature - European | 0 | 5 | 2 | 1 | 40 | 31 | 66.20 | 2 | 3 | 23.15 | 38.64 |
| Philosophy | 0 | 4 | 1 | 0 | 35 | 50 | 73.00 | 0 | 3 | 13.65 | 27.27 |
| Fine Arts - Painting and Sculpture | 0 | 4 | 1 | 0 | 35 | 42 | 55.75 | 4 | 4 | 21.09 | 36.36 |
| History - Other | 0 | 3 | 0 | 0 | 30 | 18 | 51.33 | 1 | 3 | 16.22 | 24.24 |
| History - American | 0 | 3 | 1 | 0 | 25 | 42 | 51.67 | 1 | 2 | 15.99 | 24.24 |
| History - European | 0 | 3 | 1 | 0 | 25 | 42 | 53.00 | 2 | 3 | 16.01 | 26.52 |
| Science - Other | 0 | 3 | 1 | 1 | 25 | 99 | 109.00 | 0 | 1 | 4.12 | 9.85 |
| Fine Arts - Other | 0 | 3 | 2 | 0 | 20 | 38 | 52.00 | 1 | 3 | 16.43 | 24.24 |
| Geography | 0 | 1 | 0 | 0 | 10 | 78 | 78.00 | 0 | 0 | 12.37 | 22.22 |
| Religion | 0 | 1 | 0 | 0 | 10 | 90 | 90.00 | 0 | 0 | 2.99 | 6.82 |
| Popular Culture | 0 | 1 | 0 | 0 | 10 | 25 | 25.00 | 1 | 1 | 40.94 | 50.00 |
| Mythology | 0 | 1 | 0 | 0 | 10 | 54 | 54.00 | 0 | 0 | 5.07 | 6.06 |